UNIX Communications and Networking
E-mail & Networking; E-mail for the unitialted; <Unix> mail tools; tips; UUCP; The Usenet; Using Uux, Cu, and other communications commands; communicating with other network users; The internet; For more information...
Wedi'i Gadw mewn:
| Prif Awdur: | |
|---|---|
| Fformat: | Llyfr |
| Iaith: | Undetermined |
| Cyhoeddwyd: |
New York
Mis Press
1994
|
| Pynciau: | |
| Tagiau: |
Ychwanegu Tag
Dim Tagiau, Byddwch y cyntaf i dagio'r cofnod hwn!
|
| Thư viện lưu trữ: | Trung tâm Học liệu Trường Đại học Cần Thơ |
|---|
| LEADER | 00785nam a2200205Ia 4500 | ||
|---|---|---|---|
| 001 | CTU_23288 | ||
| 008 | 210402s9999 xx 000 0 und d | ||
| 082 | |a 004.6 | ||
| 082 | |b R348 | ||
| 100 | |a Kevin Reichard | ||
| 245 | 0 | |a UNIX | |
| 245 | 0 | |b Communications and Networking | |
| 245 | 0 | |c Kevin Reichard, David Burnette | |
| 260 | |a New York | ||
| 260 | |b Mis Press | ||
| 260 | |c 1994 | ||
| 520 | |a E-mail & Networking; E-mail for the unitialted; <Unix> mail tools; tips; UUCP; The Usenet; Using Uux, Cu, and other communications commands; communicating with other network users; The internet; For more information... | ||
| 650 | |a computer networks,operating systems,unix ( computer file ) | ||
| 904 | |i Quyên,980521 | ||
| 980 | |a Trung tâm Học liệu Trường Đại học Cần Thơ | ||